Sports Quiz

Random Sports or NBA Quiz
Score 0/7 Timer 05:00
0 Plays Today
Team Player/Pick % Correct
To DallasRajon Rondo
100%
To BostonJae Crowder
72.7%
To BostonJameer Nelson
59.1%
To Boston2016 2nd round
59.1%
To BostonBrandan Wright
57.3%
To BostonProtected 1st round
47.3%
To DallasDwight Powell
44.5%
Remove Ads.
Support Sporcle.
Get the best of Sporcle when you Go Orange. This ad-free experience offers more features, more stats, and more fun while also helping to support Sporcle. Thank you for becoming a member.

You're not logged in!

Compare scores with friends on all Sporcle quizzes.
OR
Log In

Show Comments

Extras

Top Quizzes Today


Score Distribution

Your Account Isn't Verified!

In order to create a playlist on Sporcle, you need to verify the email address you used during registration. Go to your Sporcle Settings to finish the process.

Report this User

Report this user for behavior that violates our Community Guidelines.

Details: